Συγκριτική ανάλυση του ΑΕΠ και των δαπανών των νοικοκυριών για τις βασικές τους ανάγκες στο σύνολο της χώρας κατά την χρονική περίοδο 1970-2001 : διπλωματική εργασία
Αποθηκεύτηκε σε:
| Κύριος συγγραφέας: | |
|---|---|
| Συγγραφή απο Οργανισμό/Αρχή: | |
| Άλλοι συγγραφείς: | |
| Μορφή: | Thesis Βιβλίο |
| Γλώσσα: | Greek |
| Δημοσίευση: |
2005
|
| Θέματα: | |
| Ετικέτες: |
Προσθήκη ετικέτας
Δεν υπάρχουν, Καταχωρήστε ετικέτα πρώτοι!
|
MARC
| LEADER | 00000cam a2200000 i 4500 | ||
|---|---|---|---|
| 001 | 1/25304 | ||
| 008 | 060228s2005 gre d | ||
| 035 | |l 10082880 | ||
| 040 | |a GR-MY-UA |b gre |e aacr | ||
| 041 | 0 | |a gre | |
| 082 | 0 | |a 658.8343 |2 (22) | |
| 100 | 1 | |a Ντουμή, Αναστασία. | |
| 245 | 1 | 0 | |a Συγκριτική ανάλυση του ΑΕΠ και των δαπανών των νοικοκυριών για τις βασικές τους ανάγκες στο σύνολο της χώρας κατά την χρονική περίοδο 1970-2001 : |b διπλωματική εργασία / |c Ντουμή Αναστασία ; επιβλέπων Β. Αγγελής |
| 260 | |c 2005 | ||
| 300 | |a 93 σ.; |b διαγρ. πίν.; |c 30 εκ. | ||
| 502 | # | # | |a Διατριβή (μεταπτυχιακή) – Πανεπιστήμιο Αιγαίου, Χίος, 2005. |
| 504 | |a Περιλαμβάνει βιβλιογραφία | ||
| 610 | 2 | 0 | |a Πανεπιστήμιο Αιγαίου. |
| 650 | 0 | 0 | |a Consumer behavior. |
| 650 | 0 | 0 | |a Consumption (Economics) |z Greece. |
| 650 | 0 | 0 | |a Income |z Greece. |
| 650 | 0 | 0 | |a Dissertations, Academic |z Greece. |
| 700 | 1 | |a Αγγελής, Βασίλης. |4 ths | |
| 710 | 1 | |a Πανεπιστήμιο Αιγαίου |b Σχολή Επιστημών της Διοίκησης |b Τμήμα Διοίκησης Επιχειρήσεων |b Πρόγραμμα Μεταπτυχιακών Σπουδών στη Διοίκηση Επιχειρήσεων - M.B.A. | |
| 852 | |a INST |b CHIOS |c DIATR |e 20060228 |h 658.8343 NTO |p 005200024169 |q 005200024169 |t MTXE |y 23 | ||
| 852 | |a INST |b CHIOS |c DIATR |e 20060228 |h 658.8343 NTO |p 005200024170 |q 005200024170 |t MTXE |y 23 | ||
| 901 | |a BIBL2-2006-1 | ||
| 909 | |a Χ |b 119982 | ||
| 909 | |a Χ |b 119981 | ||
| 924 | |a ΝΤΟΥΜΗ |b ΑΝΑΣΤΑΣΙΑ |y ΧΙΟΣ |z 2005-12 | ||
| 970 | |a ΒΑΣΙΛΑΚΗ |b ΝΙΚΗ |z 2006/02/28 | ||